| 000 | 01288cab a2200181 4500 | ||
|---|---|---|---|
| 001 | ##L132847 | ||
| 008 | 060314n2006 000 0 eng u | ||
| 035 | _a(Sirsi) u132847 | ||
| 041 | 0 | _aeng | |
| 100 | 1 | _aCruise, Sinead | |
| 245 | 0 | 0 | _aHit and miss |
| 260 | _c2006 | ||
| 490 | 0 |
_aProperty Week _v71(10) 10 March 2006, 36-39(4) |
|
| 520 | _aThe Alternative Investment Market is the fastest-growing investment market in the world. Even in the last 18 months, private investors have generated almost £2bn investment in AIM-listed property companies. Nevertheless, whilst they enjoy great success, there are fears that small investors may be ignoring the risk. Questions are being asked about how safe foreign property is through AIM with regard to future equities. Whilst recently a newspaper reported that around 50 companies face having their shares suspended because they are cash shells that fail to meet investor's expectations. The experienced investor knows that AIM is the riskier route to pioneering investment. However, a stock market watchdog has been called upon to ensure weakly managed organisations do not exploit other more naive investors. | ||
| 590 | _aIKA140306 | ||
| 690 | _aPROPERTY-PROPERTY FINANCE AND INVESTMENT-PROPERTY INVESTMENT MANAGEMENT | ||
| 942 | _n0 | ||
| 999 |
_c76659 _d76659 |
||